000 00640nam a2200241Ia 4500
003 OSt
005 20221007082246.0
006 a|||||r|||| 00| 0
007 ta
008 221006b |||||||| |||| 00| 0 eng d
024 _a14,043
037 _cReports / Technical Reports
040 _aFLL
_cFLL
_beng
041 _2eng
_aeng
082 _aX.2.N63-N62t4, K4
110 _aGovt. of india
245 0 _aSample surveys of current interest in india
260 _c1964
300 _a84p
_ccm.
700 _aGovt. of india
942 _hX.2.N63-N62t4, K4
_cREP
_2CC
999 _c1165846
_d1165846